书目信息 |
| 题名: |
箱形钢梁薄腹板稳定
|
|
| 作者: | ;兰州铁道学院工程系统结构研究室 , 铁道部第三勘测设计院标准处 编 | |
| 分册: | ||
| 出版信息: | 北京 人民铁道出版社 1978 |
|
| 页数: | 96页 | |
| 开本: | 26cm | |
| 丛书名: | ||
| 单 册: | ||
| 中图分类: | U444.8 | |
| 科图分类: | ||
| 主题词: | 桥梁工程--工程材料:金属材料 | |
| 电子资源: | ||
| ISBN: | ||
| 000 | 00828nam0 2200229 45 | |
| 001 | 0178004101 | |
| 005 | 20041224112804.0 | |
| 010 | @dCNY0.61 | |
| 091 | @a15043.6129 | |
| 100 | @a19950731d1978 emky0chiy0121 ea | |
| 101 | 0 | @achi |
| 102 | @aCN@b110000 | |
| 105 | @ay z 000yy | |
| 200 | 10 | @a箱形钢梁薄腹板稳定@Axiang xing gang liang bo fu ban wen ding@f兰州铁道学院工程系统结构研究室,铁道部第三勘测设计院标准处编@FLan Zhou Tie Dao Xue Yuan Gong Cheng Xi Tong Jie Gou Yan Jiu Shi,Tie DaoBu Di San Kan Ce She Ji Yuan Biao Zhun Chu Bian |
| 210 | @a北京@c人民铁道出版社@d1978 | |
| 215 | @a96页@d26cm | |
| 606 | 0 | @a桥梁工程@x工程材料:金属材料 |
| 690 | @aU444.8@v3 | |
| 711 | 02 | @a兰州铁道学院工程系统结构研究室@4编 |
| 711 | 02 | @a铁道部第三勘测设计院标准处@4编 |
| 801 | 0 | @aCN@bNLC@c20041224 |
| 905 | @f1@b2586@dU444.8@e1 | |
| 箱形钢梁薄腹板稳定/兰州铁道学院工程系统结构研究室,铁道部第三勘测设计院标准处编.-北京:人民铁道出版社,1978 |
| 96页;26cm |
| ISBN :CNY0.61 |
| ● |
| 相关链接 |
|
|
|
|
正题名:箱形钢梁薄腹板稳定
索取号:U444.8/1
 
预约/预借
| 序号 | 登录号 | 条形码 | 馆藏地/架位号 | 状态 | 备注 |
| 1 | 0002586 | 001482773 | 第三借阅区/ [索取号:U444.8/1] | 在馆 | |
| 2 | 0002626 | 001482844 | 第二样本阅览室/ [索取号:U444.8/1] | 在馆 |